Second national strategy for the development of statistics : (2023-2027) (Record no. 85301)

MARC details
000 -LEADER
fixed length control field 00816 a2200229 4500
003 - CONTROL NUMBER IDENTIFIER
control field CBULib
005 - DATE AND TIME OF LATEST TRANSACTION
control field 20240903122413.0
008 - FIXED-LENGTH DATA ELEMENTS--GENERAL INFORMATION
fixed length control field 240903b |||||||| |||| 00| 0 eng d
040 ## - CATALOGING SOURCE
Original cataloging agency CBULib
Language of cataloging English
Transcribing agency CBULib
Modifying agency CBU-Lib
Description conventions rda
050 ## - LIBRARY OF CONGRESS CALL NUMBER
Classification number GOV.ZAM(058)SNSDS/2023
Item number 1
100 ## - MAIN ENTRY--PERSONAL NAME
Personal name Zambia Statistics Agency
245 ## - TITLE STATEMENT
Title Second national strategy for the development of statistics : (2023-2027)
Statement of responsibility, etc /by Zambia Statistics Agency
260 ## - PUBLICATION, DISTRIBUTION, ETC. (IMPRINT)
Name of publisher, distributor, etc Zambia Statistics Agency
Date of publication, distribution, etc 2023
Place of publication, distribution, etc Lusaka
300 ## - PHYSICAL DESCRIPTION
Extent xxiii ,104 Pages ; illustrations
336 ## - CONTENT TYPE
Source rdacontent
Content type term Text |
Content type code txt
337 ## - MEDIA TYPE
Source rdamedia
Media type term Unmediated |
Media type code n
338 ## - CARRIER TYPE
Source rdacarrier
Carrier type term Volume
Carrier type code nc
650 #0 - SUBJECT ADDED ENTRY--TOPICAL TERM
9 (RLIN) 3543
Topical term or geographic name as entry element NATIONAL DEVELOPMENT STRATEGY
650 #0 - SUBJECT ADDED ENTRY--TOPICAL TERM
9 (RLIN) 3545
Topical term or geographic name as entry element ZAMBIA- ECONOMIC POLICY
650 #0 - SUBJECT ADDED ENTRY--TOPICAL TERM
9 (RLIN) 3255
Topical term or geographic name as entry element ECONOMIC CONDITIONS-21ST CENTURY
942 ## - ADDED ENTRY ELEMENTS (KOHA)
Source of classification or shelving scheme
Koha item type INTERNATIONAL PUBLICATIONS
Holdings
Withdrawn status Lost status Source of classification or shelving scheme Damaged status Not for loan Collection code Permanent Location Current Location Shelving location Date acquired Source of acquisition Full call number Barcode Date last seen Price effective from Koha item type Total Checkouts
          Special Collections CBU-MAIN LIBRARY, KITWE. CBU-MAIN LIBRARY, KITWE. Special Collections 09/03/2024 DEP-ZSA GOV.ZAM(058)SNSDS/2023/A B94194 09/03/2024 09/03/2024 ZAMBIANA COLLECTION  
          Special Collections CBU-MAIN LIBRARY, KITWE. CBU-MAIN LIBRARY, KITWE. Special Collections 09/03/2024 DEP-ZSA GOV.ZAM(058)SNSDS/2023/A   09/03/2024 09/03/2024 ZAMBIANA COLLECTION